LEADER 01280nam a2200229 i 4500 001 000000057313 003 CaOOAMICUS 005 20091126000000.0 008 091126s1995 it u000 u ita u 013 $a28485 040 $aSeMil$bita 100 1 $aCorti, Renato,$c.$0(OLS)http://semarc/name/16279 245 13$aIl grande segno :$b"Sempre e per natura la sua carità sta al centro del Vangelo e costituisce il grande segno che induce a credere nel Vangelo" : lettera pastorale sulla testimonianza della carità per l'Anno Pastorale 1995-96 /$cRenato Corti. 260 $aNovara :$b[s.n.],$c1995. 300 $a125 p. ;$c21 cm. 500 $aFondo Mezzanotti. 650 4$aVescovi novaresi - Lettere pastorali.$0(OLS)http://semarc/subject/9619 850 $aSeMil 852 $aSeMil$W1$xVenegono$y1$m2F I 307$j23467$B23467$CSeMilBibl$Z2$F23469 $81 961 $aOmaggio: Mezzanotti mons. Alessandro 996 $6245$aIl grande segno :$b"Sempre e per natura la sua carità sta al centro del Vangelo e costituisce il grande segno che induce a credere nel Vangelo" : lettera pastorale sulla testimonianza della carità per l'Anno Pastorale 1995-96$9(OLS)http://semarc/title/89183 996 $6260$aNovara :$b[s.n.]$9(OLS)http://semarc/publisher/30468